000 01269cam a22003854i 4500
003 PE-LiUPU
005 20250731173217.0
008 150625s r 000 0 d
035 _a(Sirsi) a33145
040 _aPE-LiUPU
_bspa
_cPE-LiUPU
_erda
082 0 4 _a220.9302
_bU59
_221
100 1 _aUnger, Merrill F.,
_eautor.
245 1 0 _aNuevo manual biblico de Unger.
264 1 _aEE.UU. :
_bPortavoz,
_c1987.
336 _atext
_2rdacontent
337 _aunmediated
_2rdamedia
338 _avolume
_2rdacarrier
505 0 _aAntiguo testamento. - Nuevo testamento. - Articulos especiales. - Diagramas y graficos. - Mapas.
526 _aSEG42
526 _aSEG41
526 _aSEG40
526 _aSEG39
526 _aP94
526 _aP87
526 _aP86
526 _aP85
526 _aP77
526 _aP76
526 _aP35
942 _2ddc
_cBOOK
949 _a220.9302 U59
_wDEWEY
_c1
_i32465
_lCCODEBUL1
_mBUL
_p00.00
_r0
_sY
_tBOOK
_u2015-06-25
_xBIBLIOTECA
_zUNKNOWN
_0COMPRA
_o.STAFF. Colección General
596 _a1
999 _a220.9302 U59
_wDEWEY
_c40875
_i32465
_d40875
_f2021-11-9
_g6
_lCCODEBUL1
_mBUL
_q5
_r0
_sY
_tBOOK
_u2015-6-25
_xTEOLOGIA
_zUNKNOWN
_0COMPRA
_o.STAFF. Colección General
980 _81
_gALBERTO SANCHEZ Responsable de Automatización